Ιστορικές μελέτες για τα ζητήματα της μητρότητας και της παιδοκτονίας στην Αγγλία, Γαλλία και Γερμανία του 19ου αιώνα και τις αρχές του 20ου

Αποθηκεύτηκε σε:
Λεπτομέρειες βιβλιογραφικής εγγραφής
Κύριος συγγραφέας: Χρυσικού, Γεωργία
Συγγραφή απο Οργανισμό/Αρχή: Πανεπιστήμιο Αιγαίου. Σχολή Κοινωνικών Επιστημών. Τμήμα Κοινωνικής Ανθρωπολογίας και Ιστορίας. Πρόγραμμα Μεταπτυχιακών Σπουδών Κοινωνική και Ιστορική Ανθρωπολογία
Άλλοι συγγραφείς: Χαντζαρούλα, Ποθητή (dgsf)
Μορφή: Thesis Βιβλίο
Γλώσσα:Greek
Δημοσίευση: [2007]
Θέματα:
Διαθέσιμο Online:http://hdl.handle.net/11610/14444
Ετικέτες: Προσθήκη ετικέτας
Δεν υπάρχουν, Καταχωρήστε ετικέτα πρώτοι!

MARC

LEADER 00000cam a2200000 i 4500
001 1/811
008 090817s2007 gr | ||| |||| ||gre||
035 |l 10105369 
040 |a GR-MyUa  |b gre  |e AACR2 
041 0 |a gre 
082 7 |a 305.4094   |2 (22) 
100 1 |a Χρυσικού, Γεωργία. 
245 1 0 |a Ιστορικές μελέτες για τα ζητήματα της μητρότητας και της παιδοκτονίας στην Αγγλία, Γαλλία και Γερμανία του 19ου αιώνα και τις αρχές του 20ου /   |c επιμέλεια: Χρυσικού Γεωργία ; επιβλέπουσα καθηγήτρια: Π. Χαντζαρούλα. 
260 |c [2007] 
300 |a 58 σ. ;   |c 30 εκ. 
502 |a Διατριβή (μεταπτυχιακή) – Πανεπιστήμιο Αιγαίου, Λέσβος, 2007. 
650 0 0 |a Motherhood  |z Europe  |x History. 
650 0 0 |a Families  |z Europe  |x History. 
650 0 0 |a Women  |z Europe  |x History. 
650 0 0 |a Women  |z Europe  |x Social conditions. 
650 0 0 |a Children  |z Europe  |x History. 
650 0 0 |a Dissertations, Academic  |z Greece. 
700 1 |a Χαντζαρούλα, Ποθητή,  |e dgsf 
710 2 |a Πανεπιστήμιο Αιγαίου.   |b Σχολή Κοινωνικών Επιστημών.   |b Τμήμα Κοινωνικής Ανθρωπολογίας και Ιστορίας.   |b Πρόγραμμα Μεταπτυχιακών Σπουδών Κοινωνική και Ιστορική Ανθρωπολογία. 
852 |a INST  |b LESVOS  |c DIATR  |e 20090817  |h 89  |p 005100045672  |q 005100045672  |t MTXE  |y 23 
852 |a INST  |b LESVOS  |c DIATR  |e 20090817  |h 90  |p 005100045673  |q 005100045673  |t MTXE  |y 23 
856 |u http://hdl.handle.net/11610/14444 
901 |a BIBL1-2009-2 
924 |a Χρυσικού  |b Γεωργία  |y Λέσβος  |z 2007-11 
970 |a ΤΖΑΦΕΡΗ  |b ΕΥΑΓΓΕΛΙΑ  |z 2009/08/17